My mouth is a volcano (Record no. 1617)

MARC details
000 -LEADER
fixed length control field 00793cam a22002538i 4500
005 - DATE AND TIME OF LATEST TRANSACTION
control field 20230911140957.0
020 ## - INTERNATIONAL STANDARD BOOK NUMBER
International Standard Book Number 9780974778976
Qualifying information (pdf)
040 ## - CATALOGING SOURCE
Original cataloging agency DLC
Language of cataloging eng
Transcribing agency DLC
Description conventions rda
050 00 - LIBRARY OF CONGRESS CALL NUMBER
Classification number PZ7.C76984
082 00 - DEWEY DECIMAL CLASSIFICATION NUMBER
Classification number 177.1
100 1# - MAIN ENTRY--PERSONAL NAME
Personal name Cook, Julia,
Dates associated with a name 1964-
Relator term author.
245 10 - TITLE STATEMENT
Title My mouth is a volcano
Statement of responsibility, etc. written by Julia Cook ; illustrated by Carrie Hartman
260 ## - PUBLICATION, DISTRIBUTION, ETC.
Place of publication, distribution, etc. CTC Publishing
300 ## - PHYSICAL DESCRIPTION
Extent 32 pages :
Other physical details Color illustrations ;
Dimensions 21 cm
505 ## - FORMATTED CONTENTS NOTE
Formatted contents note O <br/>
520 ## - SUMMARY, ETC.
Summary, etc. This book teaches children to manage their thoughts and words without interrupting.
521 ## - TARGET AUDIENCE NOTE
Target audience note 600 <br/>
Source Lexile AD <br/>
521 ## - TARGET AUDIENCE NOTE
Target audience note O <br/>
Source Raz-Plus <br/>
650 #1 - SUBJECT ADDED ENTRY--TOPICAL TERM
Form subdivision Fiction.
700 1# - ADDED ENTRY--PERSONAL NAME
Personal name Hartman, Carrie
Relator term illustrator
906 ## - LOCAL DATA ELEMENT F, LDF (RLIN)
a 7
b cbc
c orignew
d 1
e ecip
f 20
g y-gencatlg
942 ## - ADDED ENTRY ELEMENTS (KOHA)
Source of classification or shelving scheme Dewey Decimal Classification
Koha item type Books
Suppress in OPAC No
999 ## -
-- 1617
-- 1617
Holdings
Withdrawn status Lost status Source of classification or shelving scheme Damaged status Not for loan Collection Home library Current library Shelving location Date acquired Total Checkouts Full call number Barcode Date last seen Date last checked out Price effective from Koha item type Public note
  Lost Dewey Decimal Classification     Juvenile Fiction Footprints International School Library Network Toul Kork Campus Footprints International School Library Network Toul Kork Campus   09/11/2023 1 COO Fic PZ7.C76984 FIS04960 12/11/2023 12/11/2023 09/11/2023 Books Paid